Nutritional security: (Record no. 17017)

MARC details
000 -LEADER
fixed length control field 00660nam a22002177a 4500
003 - CONTROL NUMBER IDENTIFIER
control field BD-DhSAU
005 - DATE AND TIME OF LATEST TRANSACTION
control field 20230914153030.0
008 - FIXED-LENGTH DATA ELEMENTS--GENERAL INFORMATION
fixed length control field 230621b2017 ii a|||| |||| 001 0 eng d
040 ## - CATALOGING SOURCE
Original cataloging agency BD-DhSAU
082 ## - DEWEY DECIMAL CLASSIFICATION NUMBER
Edition number 22
Classification number 635 R13
100 ## - MAIN ENTRY--PERSONAL NAME
Personal name Rai, Gyanendra Kumar
245 ## - TITLE STATEMENT
Title Nutritional security:
Remainder of title Gyanendra Kumar Rai, R. R. Kumar and Sreshti Bagati
Statement of responsibility, etc. vegetables and fruits/
260 ## - PUBLICATION, DISTRIBUTION, ETC. (IMPRINT)
Place of publication, distribution, etc. New Delhi:
Name of publisher, distributor, etc. Satish Serial Publishing House,
Date of publication, distribution, etc. 2017
300 ## - PHYSICAL DESCRIPTION
Extent x, 167 P. :
Other physical details images, ills. ;
Dimensions 22 cm.
500 ## - GENERAL NOTE
General note Includes index.
590 ## - Name of Cataloguer
Name of Cataloger roy
650 ## - SUBJECT ADDED ENTRY--TOPICAL TERM
Topical term or geographic name as entry element Nutritional security
700 ## - ADDED ENTRY--PERSONAL NAME
Personal name Kumar, R. R.
700 ## - ADDED ENTRY--PERSONAL NAME
Personal name Bagati, Sreshti
942 ## - ADDED ENTRY ELEMENTS (KOHA)
Source of classification or shelving scheme Dewey Decimal Classification
Koha item type Book
Holdings
Withdrawn status Lost status Source of classification or shelving scheme Damaged status Not for loan Collection code Home library Branch Name Shelving location Date acquired Cost, normal purchase price Total Checkouts Full call number Barcode Date last seen Price effective from Koha item type
    Dewey Decimal Classification   Not For Loan Reference SAU Library SAU Library Reference 21/06/2023 2220.00   635 R13 44710 14/09/2023 14/09/2023 Book